000 01348nam a2200229Ii 4500
003 JO-AjNU
005 20240623115502.0
008 230605s9999||||xx |||||||||||||| ||und||
040 _aJO-AjNU
_bara
_erda
_cJO-AjNU
041 _aara
050 1 4 _aBP144 2016
100 3 _aاعداد ابو عزة، سميرة احمد محمد؛ اشراف صلاح محمد ابو الحاج,
_eauthor
_957847
245 0 0 _aالفتاوى الصغرى لحسام الدين عمر ين مازه بترتيب الخوارزمي الخاصي(ت536ه-1141م) من بداية الكتاب الى نهاية كتاب الاجارة "دراسة وتحقيق"=Minor Fatawa of Hossam El-Din Omar BIN Maza'h According to al-Khasi al-Khwarizmi's Order (Date:536H-1141AD) From the Beginning the book to the End of al-ljara chapter "A Study and An Investigation"
264 3 1 _a 2016
300 _a595 ورقة
336 _atext
_btxt
_2rdacontent
337 _aunmediated
_bn
_2rdamedia
338 _avolume
_bnc
_2rdacarrier
500 _aرسالة جامعية (دكتوراة في تخصص القضاء الشرعي)--جامعة العلوم الاسلامية العالمية، كلية الدراسات العليا، عمان)، 2016، يشتمل على ببلوغرافيا
650 4 _aالفتاوى - الفقة الاسلامي
_957848
942 _2lcc
_cTHS
999 _c29515
_d29515